| 000 | 00658nam a2200217 a 4500 | ||
|---|---|---|---|
| 008 | |||
| 020 | _a0918334713 (cased) | ||
| 049 | _aMAIN | ||
| 090 |
_aGB980 _bCAT |
||
| 245 | 0 | 0 |
_aCatchment runoff and rational formula / _cedited by Ben Chie Yen. |
| 260 |
_aLittleton, Colo., USA : _bWater Resources Pub., _cc1992. |
||
| 300 |
_avi, 170 p. : _bill. ; _c24 cm. |
||
| 504 | _aIncludes bibliographical references. | ||
| 650 | 0 |
_aRunoff _xMathematics. |
|
| 700 | 1 | _aYen, Ben Chie. | |
| 907 |
_a.b10026964 _b21-03-13 _c17-04-03 |
||
| 003 | |||
| 005 | 20230123133256.0 | ||
| 040 | _cNUST | ||
| 942 |
_cBOOKS _kGB980 _mCAT |
||
| 999 |
_c145775 _d145775 |
||